000 00451nam a22001937a 4500
003 OSt
005 20230130150030.0
008 230130b |||||||| |||| 00| 0 eng d
020 _a9780080982045
040 _cHU
050 _a669.9/SMA/2014/
_b1
082 _28ed
_a669.9/SMA/2014/
_b1
100 _aSmallman R,E
_937364
245 _aModern Physical Metallurgy
250 _a8ed
260 _bNew York
300 _f697
942 _2ddc
_cBOOKS
_n0
999 _c35807
_d35807